| 000 | 01750cam a22004457a 4500 | ||
|---|---|---|---|
| 003 | CHAP | ||
| 005 | 20220817043440.0 | ||
| 008 | 980525d1994 mx r 00110 spa d | ||
| 010 | _a75591 | ||
| 011 | _a76563 | ||
| 020 | _a9706202439 | ||
| 035 | _a86148 | ||
| 040 | _cCHAP | ||
| 082 | 0 | 4 |
_a333.0972 _bC42 |
| 100 | 0 | 0 |
_aChacón Hernández, David _ecoord. _921698 |
| 245 | 1 | 0 |
_aDebate sobre las reformas al agro mexicano _c/ coord. por David Chacón Hernández y Francis Mestries Benquet |
| 260 |
_aMéxico, D. F. : _bUAM. Unidad Azcapotzalco. División de Ciencias Sociales y Humanidades, _c1993. |
||
| 300 |
_a227 p. : _bcuadros |
||
| 410 | 2 | 1 |
_aUAM. Unidad Azcapotzalco. _bDivisión de Ciencias Sociales y Humanidades |
| 490 | 0 | _aSerie derecho | |
| 590 |
_aBATCH-UPD _b10 _c20130110 _lUCH01 _h0542 |
||
| 590 |
_aBATCH-UPD _b10 _c20130110 _lUCH01 _h2338 |
||
| 590 |
_aBATCH-UPD _b10 _c20130410 _lUCH01 _h0223 |
||
| 590 |
_aBATCH-UPD _b10 _c20130410 _lUCH01 _h1627 |
||
| 590 |
_aBATCH-UPD _b10 _c20130914 _lUCH01 _h0829 |
||
| 590 |
_aCONVERSION _b10 _c20130109 _lUCH01 _h1341 |
||
| 650 | 1 | 4 |
_aCampesinado _zMéxico. |
| 650 | 1 | 4 |
_aDerecho agrario _xMéxico. _931876 |
| 650 | 1 | 4 |
_aPolítica agrícola _zMéxico. |
| 650 | 1 | 4 |
_aReforma agraria _xLeyes. _995561 |
| 650 | 1 | 4 |
_aReforma agraria _zMéxico. _995596 |
| 700 | 0 |
_aMestries Benquet, Francis _ecoord. _975148 |
|
| 810 | 2 | 1 |
_aUAM. Unidad Azcapotzalco. _bDivisión de Ciencias Sociales y Humanidades _9115979 |
| 830 | 0 | 0 |
_aSerie derecho _9104792 |
| 901 | _aBK | ||
| 905 | _aAlejandra Carrasco M. | ||
| 942 | _cLIBRO | ||
| 949 |
_a333.0972 C42 _bBC _cLIBRO _d33724000691697 _eLIBRO _h93311 _i86148 _kDonaciØn _si |
||
| 949 |
_a333.0972 C42 _bBC _cLIBRO _d33724000691705 _eLIBRO _fc.2 _h93312 _i86148 _kDonaciØn _si |
||
| 999 |
_c75591 _d75591 |
||